| 000 -LEADER |
| fixed length control field |
00538nam a2200217Ia 4500 |
| 001 - CONTROL NUMBER |
| control field |
12226 |
| 003 - CONTROL NUMBER IDENTIFIER |
| control field |
GE_BSU |
| 008 - FIXED-LENGTH DATA ELEMENTS--GENERAL INFORMATION |
| fixed length control field |
181216s||||||||xx |||||||||||||| ||und|| |
| 020 ## - INTERNATIONAL STANDARD BOOK NUMBER |
| International Standard Book Number |
0130482870 |
| 040 ## - CATALOGING SOURCE |
| Transcribing agency |
GE_BSU |
| 080 ## - UNIVERSAL DECIMAL CLASSIFICATION NUMBER |
| Universal Decimal Classification number |
005.915+336.131 |
| 100 ## - MAIN ENTRY--PERSONAL NAME |
| Personal name |
Chatfield,Robert E. Dalhor,Michael C. |
| 245 ## - TITLE STATEMENT |
| Title |
Hospitality Financial Mangament. |
| 260 ## - PUBLICATION, DISTRIBUTION, ETC. |
| Place of publication, distribution, etc. |
Los Vegas. |
| 260 ## - PUBLICATION, DISTRIBUTION, ETC. |
| Name of publisher, distributor, etc. |
Pearson Prentice Hall. |
| 260 ## - PUBLICATION, DISTRIBUTION, ETC. |
| Date of publication, distribution, etc. |
2005 |
| 300 ## - PHYSICAL DESCRIPTION |
| Extent |
299p;26cm. |
| 653 ## - INDEX TERM--UNCONTROLLED |
| Uncontrolled term |
Hospitality Financial Mangament. |
| 942 ## - ADDED ENTRY ELEMENTS (KOHA) |
| Koha item type |
წიგნი |